Kinderserien nach Intro-Song - Statistiken

Allgemein
  • Dieses Quiz wurde 425 mal gespielt
  • Das Durchschnittsergebnis liegt bei 5 aus 10
Antwortstatistiken
Lyrics Serie % Korrekt
Geht das nicht lauter? Aye, aye, Captain! SpongeBob Schwammkopf
91%
Ich will der Allerbeste sein Wie keiner vor mir war Pokémon
84%
Wir könnten ins Weltall fliegen und Mumien erschrecken Den Eiffelturm hinaufspazier'n Phineas und Ferb
75%
Freddy Faulig richtet Schaden an Und Sportakus ist unser Held. Lazy Town
74%
Dunkle Tannen Grüne Wiesen im Sonnenschein Heidi
57%
Firlefanz, Gummigans,Grüner Elch, Früchtekelch Cosmo & Wanda – Wenn Elfen helfen
45%
Sie sind geheimnisvoll Doch sie sind supertoll DuckTales – Neues aus Entenhausen
39%
Die Angst vorm Wolf macht ihn nicht froh Und im Taifun ist's ebenso Wickie und die starken Männer
30%
Kämpfe für den Sieg über Dunkelheit, Folge deinem Traum von Gerechtigkeit. Sailor Moon
23%
schwupp schon ist die Feile weg, wer hat die wohl wegversteckt? Meister Eder und sein Pumuckl
22%
Keine übereinstimmenden Quizze gefunden
Verteilung der Resultate
Anzahl Personen mit jedem Resultat
Perzentil nach korrekt beantworteten Fragen
Ihre Resultats-Entwicklung
Sie haben dieses Quiz noch nicht gespielt